02706nam a22002777a 4500001000400000003000400004005001700008008004100025040000800066041001300074082001500087100003300102240001900135245008200154260003600236300001100272520197100283650002502254650001302279650002402292650002402316650002202340655001602362655001202378700003802390431OSt20250625073119.0250624b |||||||e |||| 00| 1 eng d bpor hengapor a813bS544i1 aSheldon, Sidney,d1917-2007. aRage of Angels aA ira dos anjos /cSheldon, Sidney ; Tradução de : A.B. Pinheiro de Lemos aSão PaulobCírculo do Livro a456 p. aJennifer Parker realiza seu sonho ao ingressar na equipe do Promotor Distrital de Manhattan, em Nova York. Sua carreira, no entanto, dura exatamente quatro horas - tempo que leva para cair em uma cilada, durante o primeiro julgamento do qual participa. Acusada de suborno, vê seus projetos irem por água abaixo: além do risco de ter a carteira de advogada cassada. Jennifer pode passar o resto de seus dias na cadeia. Assim começa a história de uma jovem bonita e inteligente e dos homens que influenciam sua vida, entre eles o íntegro Adam Warner, destinado a ser um líder de seu país, e Michael Moretti, um anjo das trevas que procura espalhar suas asas de terror sobre tudo e todos. Considerada por muitos como a mais extraordinária criação de Sidney Sheldon. Uma década depois, um assassino perigoso está à solta nas ruas de Los Angeles. E já fez duas vítimas. Mas o único elo em comum entre elas é a psicóloga Nikki Roberts. Nikki ainda está muito abalada com a recente morte do marido. E sua vida sofre outra reviravolta quando uma de suas pacientes, Lisa Flannagan, e o rapaz que Nikki considerava como filho, Treyvon Raymond, são brutalmente assassinados. Mas, apenas quando sofre um atentado é que a psicóloga tem certeza de que ela é o verdadeiro alvo desse assassino impiedoso. Atormentada por um acontecimento do passado e vendo a polícia em um beco sem saída, Nikki contrata o detetive particular Derek Williams, um homem que não tem medo de sujar as mãos. Ele trabalhara no caso de Charlotte Clancy, mas agora, anos depois, encontra nas anotações de Nikki Roberts um nome que chama sua atenção, e essa nova investigação o conduz a um caminho perigoso de volta ao passado. Numa cidade corrupta, onde não se sabe quem é inimigo e quem é amigo, Nikki Roberts precisa correr contra o tempo para descobrir a verdade por trás desses crimes antes que ela seja a próxima vítima. 0aLiteratura Americana 0aSuspense 0aAmbição e poder 0aDrama psicológico 0aRomance Policial  0aFicção  0aRomance aA. B. Pinheiro de LemoseTradutor